00803nam a2200169 i 450000100060000000300090000600500170001500700030003200800410003524502820007626000510035830000300040965000350043985200210047499900170049595201210051243734ES-MaACL20250901090458.0t|030318s1924 sp a |||| | spa d00aExposición general de la T.S.H. del cinema y de la electricidad en sus aplicaciones prácticas e industriales b: Palacio de Hielo 6-26 de diciembre de 1924 : catálogo / corganizada por el Banco Hispano-Suizo para industrias eléctricas bajo el patronato de S.M. El Rey. a[Madrid : bs.n.], c1924 (fTorrent y Cía.) a164 p. : bil. ; c20 cm. 7aRadioteléfono2embne9136802 aES-MaACLjF-4674 c43734d43734 00104070aATENEOMbATENEOMcDEPO2d2008-01-17eSCl0oF-4674p1046037r2023-02-23 00:00:00w2023-02-23yMONOGRAFIA